Accounting and information systems / (Record no. 61730)
[ view plain ]
| 000 -LEADER | |
|---|---|
| fixed length control field | 00722nam a2200241 a 4500 |
| 001 - CONTROL NUMBER | |
| control field | 61730 |
| 003 - CONTROL NUMBER IDENTIFIER | |
| rucl marc code | BD-RjUL |
| 005 - DATE AND TIME OF LATEST TRANSACTION | |
| control field | 20211209081009.0 |
| 008 - FIXED-LENGTH DATA ELEMENTS--GENERAL INFORMATION | |
| fixed length control field | 170121s1982 nyua 001 0 eng |
| 020 ## - INTERNATIONAL STANDARD BOOK NUMBER | |
| International Standard Book Number | 0471049867 |
| 035 ## - SYSTEM CONTROL NUMBER | |
| System control number | (BD-RjUL)61854 |
| 040 ## - CATALOGING SOURCE | |
| Original cataloging agency | DLC |
| Transcribing agency | DLC |
| Modifying agency | MYG |
| -- | BD-RjUL |
| Language of cataloging | eng |
| 041 ## - LANGUAGE CODE | |
| Language code of text/sound track or separate title | eng |
| 082 ## - DEWEY DECIMAL CLASSIFICATION NUMBER | |
| Edition number | 23 |
| Classification number | 657.0285 |
| Author mark and year | WIA 1982 |
| 100 1# - MAIN ENTRY--PERSONAL NAME | |
| Personal name | Wilkinson, Joseph W. |
| 9 (RLIN) | 183830 |
| 245 10 - TITLE STATEMENT | |
| Title | Accounting and information systems / |
| Statement of responsibility, etc. | Joseph W. Wilkinson. |
| 260 ## - PUBLICATION, DISTRIBUTION, ETC. (IMPRINT) | |
| Place of publication, distribution, etc. | New York : |
| Name of publisher, distributor, etc. | John Wiley & Sons, |
| Date of publication, distribution, etc. | c1982. |
| 300 ## - PHYSICAL DESCRIPTION | |
| Pagination | xvi, 845 p. : |
| Illustrations | ill. ; |
| Size | 22 cm. |
| 500 ## - GENERAL NOTE | |
| General note | Includes index. |
| 650 #0 - SUBJECT ADDED ENTRY--TOPICAL TERM | |
| Topical term or geographic name as entry element | Accounting |
| General subdivision | Data processing. |
| 9 (RLIN) | 183009 |
| Topical term or geographic name as entry element | Management information systems. |
| 9 (RLIN) | 182156 |
| 942 ## - ADDED ENTRY ELEMENTS (KOHA) | |
| Source of classification or shelving scheme | Dewey Decimal Classification |
| Koha item type | Books |
| Lost status | Source of classification or shelving scheme | Damaged status | Not for loan | Collection code | Permanent Location | Current Location | Shelving location | Date acquired | Source of acquisition | Cost, normal purchase price | Total Checkouts | Full call number | Date last seen | Copy number | Koha item type |
|---|---|---|---|---|---|---|---|---|---|---|---|---|---|---|---|
| Dewey Decimal Classification | Not For Loan | Non-fiction | Central Library, University of Rajshahi | Central Library, University of Rajshahi | Reading Room | 02/03/1985 | Tulip | 11.05 | 657.0285 WIA 1982 | 21/01/2017 | C-1 | Books | |||
| Dewey Decimal Classification | Non-fiction | Central Library, University of Rajshahi | Central Library, University of Rajshahi | 02/03/1985 | Tulip | 11.05 | 657.0285 WIA 1982 | 21/01/2017 | C-2 | Books | |||||
| Dewey Decimal Classification | Non-fiction | Central Library, University of Rajshahi | Central Library, University of Rajshahi | 02/03/1985 | Dhaka, Tulip Enterprise | 11.05 | 657.0285 WIA 1982 | 28/03/2019 | C-3 | Books | |||||
| Dewey Decimal Classification | Non-fiction | Central Library, University of Rajshahi | Central Library, University of Rajshahi | 02/03/1985 | Dhaka, Tulip Enterprise | 11.05 | 657.0285 WIA 1982 | 28/03/2019 | C-4 | Books | |||||
| Dewey Decimal Classification | Non-fiction | Central Library, University of Rajshahi | Central Library, University of Rajshahi | 02/03/1985 | Dhaka, Tulip Enterprise | 11.05 | 657.0285 WIA 1982 | 28/03/2019 | C-5 | Books | |||||
| Dewey Decimal Classification | Non-fiction | Central Library, University of Rajshahi | Central Library, University of Rajshahi | 02/03/1985 | Dhaka, Tulip Enterprise | 11.05 | 657.0285 WIA 1982 | 28/03/2019 | C-6 | Books | |||||
| Dewey Decimal Classification | Non-fiction | Central Library, University of Rajshahi | Central Library, University of Rajshahi | 06/04/2000 | Toppan Co. through tulip | 11.05 | 657.0285 WIA 1982 | 28/03/2019 | C-7 | Books | |||||
| Dewey Decimal Classification | Non-fiction | Central Library, University of Rajshahi | Central Library, University of Rajshahi | 02/03/1985 | Toppan Thrush Tulip | 11.05 | 657.0285 WIA 1982 | 30/03/2019 | C-8 | Books |